00128nam a2200061Ia 4500100000900000245004800009260000900057 a#N/A aProgramming for mobile and remote computer b#N/A